The art of mathematics: coffee time in Memphis (Record no. 84375)
[ view plain ]
| 000 -LEADER | |
|---|---|
| fixed length control field | 00600nam a2200157 a 4500 |
| 008 - FIXED-LENGTH DATA ELEMENTS--GENERAL INFORMATION | |
| fixed length control field | 101021s2006 ||||||||||||||||| || u |
| 020 ## - INTERNATIONAL STANDARD BOOK NUMBER | |
| International Standard Book Number | 9780521693950 |
| 050 ## - LIBRARY OF CONGRESS CALL NUMBER | |
| Classification number | QA 93 Bol |
| 100 ## - MAIN ENTRY--PERSONAL NAME | |
| Personal name | Bollobas, Bela |
| 245 14 - TITLE STATEMENT | |
| Title | The art of mathematics: coffee time in Memphis |
| 260 ## - PUBLICATION, DISTRIBUTION, ETC. | |
| Place of publication, distribution, etc. | Cambridge: |
| Name of publisher, distributor, etc. | Cambridge University Press |
| Date of publication, distribution, etc. | 2006 |
| 300 ## - PHYSICAL DESCRIPTION | |
| Extent | xiv, 370p.: ill. |
| 350 ## - | |
| -- | 0.00 |
| 650 #0 - SUBJECT ADDED ENTRY--TOPICAL TERM | |
| Topical term or geographic name entry element | MATHEMATICS--HANDBOOKS, MANUALS, ETC |
| 995 ## - | |
| -- | MAIN LIBRARY OPEN ACCESS |
| -- | 0.00 |
| -- | 741984 |
| -- | CBU-MAIN LIBRARY (Kitwe) |
| -- | 1 |
| -- | 0.00 |
| -- | QA 93 Bol |
| -- | 1 |
| -- | AVAILABLE |
| -- | Nov 30, 2010 |
| -- | 741984 |
| -- | Main Library Open Access Collection |
| 999 ## - | |
| -- | 84375 |
| -- | 84375 |
| Withdrawn status | Lost status | Source of classification or shelving scheme | Damaged status | Not for loan | Permanent Location | Current Location | Shelving location | Date acquired | Total Checkouts | Full call number | Barcode | Date last seen | Copy number | Price effective from | Koha item type |
|---|---|---|---|---|---|---|---|---|---|---|---|---|---|---|---|
| CBU-MAIN LIBRARY, KITWE. | CBU-MAIN LIBRARY, KITWE. | 01/25/2024 | QA 93 Bol | 741984 | 01/25/2024 | 1 | 01/25/2024 | MONOGRAPH |